Champions League Top Goalscorers 2003/04 - 2013/14 - Statistics

General Stats
  • This quiz has been taken 1,186 times
  • The average score is 34 of 42
Answer Stats
Season Position Nationality Club No. of Goals Answer % Correct
2007/08 1st Portugal Manchester Utd 8 Cristiano Ronaldo
99%
2nd Portugal Real Madrid 7 Cristiano Ronaldo
99%
3rd Portugal Real Madrid 10 Cristiano Ronaldo
99%
2012/13 1st Portugal Real Madrid 12 Cristiano Ronaldo
99%
2013/14 1st Portugal Real Madrid 17 Cristiano Ronaldo
99%
2nd Argentina FC Barcelona 6 Lionel Messi
99%
2008/09 1st Argentina FC Barcelona 9 Lionel Messi
99%
2009/10 1st Argentina FC Barcelona 8 Lionel Messi
99%
2010/11 1st Argentina FC Barcelona 12 Lionel Messi
99%
2011/12 1st Argentina FC Barcelona 14 Lionel Messi
99%
3rd Argentina FC Barcelona 8 Lionel Messi
99%
3rd Argentina FC Barcelona 8 Lionel Messi
99%
2nd Sweden Paris Saint-Germain 10 Zlatan Ibrahimovic
95%
2nd Ivory Coast Chelsea 6 Didier Drogba
94%
2nd Ivory Coast Chelsea 6 Didier Drogba
94%
2nd Poland Borussia Dortmund 10 Robert Lewandowski
94%
3rd Cameroon FC Barcelona 6 Samuel Eto'o
93%
2nd Cameroon FC Barcelona 8 Samuel Eto'o
93%
3rd Germany Bayern Munchen 8 Thomas Muller
92%
2nd England Liverpool 6 Steven Gerrard
88%
2nd England Liverpool 7 Steven Gerrard
88%
2005/06 1st Ukraine AC Milan 9 Andriy Shevchenko
87%
2nd Brazil FC Barcelona 7 Ronaldinho
87%
2nd Spain Liverpool 6 Fernando Torres
86%
2004/05 1st Netherlands Manchester Utd 8 Ruud van Nistelrooy
86%
2nd Netherlands Real Madrid 6 Ruud van Nistelrooy
86%
2006/07 1st Brazil AC Milan 10 Ricardo Izecson dos Santos Leite
84%
2nd Germany Bayern Munchen 8 Mario Gomez
76%
2nd Germany Bayern Munchen 12 Mario Gomez
76%
3rd Spain Atletico Madrid 8 Diego Costa
74%
3rd France Juventus 6 David Trezeguet
68%
2nd Brazil Internazionale Milan 7 Adriano
64%
2nd Germany Bayern Munchen 7 Miroslav Klose
64%
2003/04 1st Spain AS Monaco 9 Fernando Morientes
63%
2nd Spain Valencia 6 Fernando Morientes
63%
2nd Croatia Bayern Munchen 7 Ivica Olic
52%
3rd Netherlands Bayern Munchen 6 Roy Makaay
52%
2nd Netherlands Bayern Munchen 7 Roy Makaay
52%
3rd Turkey Galatasaray 8 Burak Yilmaz
44%
2nd England Liverpool 6 Peter Crouch
40%
2nd Croatia AS Monaco 7 Dado Prso
29%
3rd Uruguay Deportivo La Coruna 6 Walter Pandiani
16%
No matching quizzes found
Score Distribution
Percent of People with Each Score
Percentile by Number Answered
Your Score History
You have not taken this quiz